Discovering Delius : a portrait of Frederick Delius.

Born in England, of German parents, Frederick Delius (1862-1934) travelled throughout his life to America, Scandinavia, Germany, France and Italy. Although ranked as one of the leading English composers, he was inspired by the foreign landscapes he visited. This portrait focuses on his early and mid...

Full description

Bibliographic Details
Other Authors: Bailey, Derek (Narrator, Director), Younghusband, Jan (Screenwriter, Producer), Delius, Frederick, 1862-1934
Format: Video
Language:English
Language Notes:Spoken portions in English.
Published: Bristol, England : Digital Classics Distribution, 1993.
Series:Classical Music in Video
Subjects:
Online Access:Connect to this streaming video (Alexander Street Press)

MARC

Tag First Indicator Second Indicator Subfields
LEADER 00000cgm a2200000Ma 4500
001 in00005575521
006 m o c
007 cr |n||||||||a
007 vz |za|z|
008 140724s1993 enk060 e o vueng d
005 20241201232310.1
035 |a (OCoLC)ocn891106072 
040 |a ALSTP  |b eng  |e pn  |c ALSTP  |d OCLCO  |d COO  |d OCLCO  |d OCLCF  |d OCLCQ  |d OCLCO  |d CUS  |d OCLCO  |d OCLCQ  |d OCLCO  |d IAA  |d OCLCA  |d INT  |d OCLCQ  |d WYU  |d YOU  |d OCLCO  |d UPM  |d OCLCO  |d OCLCL 
035 |a (OCoLC)891106072 
049 |a TXAM 
245 0 0 |a Discovering Delius :  |b a portrait of Frederick Delius. 
260 |a Bristol, England :  |b Digital Classics Distribution,  |c 1993. 
300 |a 1 online resource (60 min.). 
306 |a 005905 
336 |a two-dimensional moving image  |b tdi  |2 rdacontent 
337 |a computer  |b c  |2 rdamedia 
338 |a online resource  |b cr  |2 rdacarrier 
344 |a digital  |2 rda 
347 |a video file  |2 rda 
490 0 |a Classical Music in Video 
500 |a Title from resource description page (viewed Jul. 25, 2014). 
508 |a Directed and narrated by Derek Bailey. 
520 |a Born in England, of German parents, Frederick Delius (1862-1934) travelled throughout his life to America, Scandinavia, Germany, France and Italy. Although ranked as one of the leading English composers, he was inspired by the foreign landscapes he visited. This portrait focuses on his early and middle years. Several champions of Delius' music - conductor Charles Mackerras, cellist Julian Lloyd Webber, violinist Tasmin Little, baritone Thomas Hampson and the Brindisi Quartet - are seen rehearsing, performing and discussing his work. Includes extracts from the film of A Village Romeo and Juliet, featuring Thomas Hampson, A Mass of Life from the 1992 Brighton Festival, Sir Charles Mackerras and the Welsh National Opera rehearsing and performing The Song of the High Hills and movements from the Florida Suite. Tasmin Little discusses, rehearses and performs the Concerto for Violin and Piano. The Sonata for Cello and Piano is performed by Julian Lloyd Webber, and the Brindisi Quartet rehearse and perform Late Swallows from the String Quartet. 
546 |a Spoken portions in English. 
600 1 0 |a Delius, Frederick,  |d 1862-1934. 
600 1 7 |a Delius, Frederick,  |d 1862-1934.  |2 fast  |0 (OCoLC)fst00039958  |1 https://id.oclc.org/worldcat/entity/E39PBJktvxYqFtPXbjTC9Mhyh3 
655 4 |a Streaming videos. 
655 7 |a Documentary films.  |2 fast  |0 (OCoLC)fst01710390 
655 7 |a Documentary films.  |2 lcgft 
655 7 |a Documentaires.  |2 rvmgf 
700 1 |a Bailey, Derek,  |e film director,  |e narrator.  |4 drt  |4 nrt 
700 1 |a Younghusband, Jan,  |e film producer,  |e screenwriter.  |4 pro  |4 aus 
700 1 2 |a Delius, Frederick,  |d 1862-1934.  |t Works.  |k Selections. 
710 2 |a Digital Classics (Firm),  |e publisher. 
758 |i has work:  |a Discovering Delius (MovingImage)  |1 https://id.oclc.org/worldcat/entity/E39PCGXdYDw63TMkR8GVfcmV3P  |4 https://id.oclc.org/worldcat/ontology/hasWork 
773 0 |t Frederick Delius: Discovering Delius 
856 4 0 |u http://proxy.library.tamu.edu/login?url=https://www.aspresolver.com/aspresolver.asp?AVN2;2398614  |z Connect to this streaming video (Alexander Street Press)  |t 0 
955 |a Alexander Street Press subscription streaming video 
994 |a 92  |b TXA 
999 f f |s 9a8c75ed-3c0e-42cb-898c-39b8d60a9ff2  |i 0e0f6096-bad3-4e01-91c1-d277d6f81cf6  |t 0 
952 f f |a Texas A&M University  |b College Station  |c Electronic Resources  |d Available Online  |t 0  |h Library of Congress classification 
998 f f |t 0  |l Available Online